|
|
|
|
| LEADER |
00000nam0a2200000 4500 |
| 001 |
180388 |
| 005 |
20231101223538.0 |
| 010 |
|
|
|a 5857000319
|
| 020 |
|
|
|a RU
|b 90-66641
|
| 035 |
|
|
|a (RuTPU)RU\TPU\book\195541
|
| 090 |
|
|
|a 180388
|
| 100 |
|
|
|a 20100514d1990 m a0rusy5003 ca
|
| 101 |
0 |
|
|a rus
|
| 102 |
|
|
|a BY
|
| 105 |
|
|
|a af z 011zb
|
| 200 |
1 |
|
|a Франциск Скорина и его время
|e Энциклопедический справочник
|f Белорусская советская энциклопедия ; Гл. ред. И. П. Шамякин
|
| 210 |
|
|
|a Минск
|c Белорус. сов. энцикл.
|d 1990
|
| 215 |
|
|
|a 631 с., [1] л. карт
|c ил., факс.
|d 27 см
|
| 300 |
|
|
|a К 500-летию со дня рождения белорусского первопечатника Франциска Скорины
|
| 320 |
|
|
|a Документы о Франциске Скорине: с. 584-603
|
| 320 |
|
|
|a Литература: с. 603-617
|
| 320 |
|
|
|a Указатель статей энциклопедического справочника: с. 618-622
|
| 320 |
|
|
|a Имен. указ.: с. 622-630.
|
| 600 |
|
1 |
|a Скорина
|b Ф.
|c белорусский просветитель
|c основатель первых кирилловских типографий в Праге и Вильне
|f около 1486-1541
|g Франциск
|2 stltpush
|3 (RuTPU)RU\TPU\pers\12970
|9 3700
|
| 610 |
0 |
|
|a Белорусская культура
|
| 610 |
0 |
|
|a Энциклопедии
|
| 610 |
0 |
|
|a книгопечатание
|
| 610 |
0 |
|
|a книжная культура
|
| 610 |
0 |
|
|a история
|
| 610 |
0 |
|
|a Белоруссия
|
| 610 |
0 |
|
|a 16 век
|
| 675 |
|
|
|a 655(03)
|z rus
|
| 686 |
|
|
|a Ч611.63(2)
|2 rubbk
|
| 686 |
|
|
|a Ч611.68
|2 rubbk
|
| 702 |
|
1 |
|a Шамякин
|b И. П.
|g Иван Петрович
|4 340
|
| 712 |
0 |
2 |
|a Белорусская советская энциклопедия
|
| 801 |
|
0 |
|a RU
|b RuMRKP
|c 19950417
|g psbo
|
| 801 |
|
1 |
|a RU
|b 63413507
|c 20100514
|
| 801 |
|
2 |
|a RU
|b 63413507
|c 20100514
|g RCR
|
| 942 |
|
|
|c BK
|